000
00324nam a22001457a 4500
008
230404b ||||| |||| 00| 0 eng d
020
_a
0465028624
041
_a
eng
080
_a
159.9
082
_a
159.9BRO
100
_a
25
101
_a
PSI
245
_a
HANDBOOK OF EATING DISORDERS
_c
BROWNELL.D.K
942
_2
udc
_c
BK
999
_c
59493
_d
59493